Library of America Authors Quiz Stats

 Plays Quiz not verified by Sporcle

Support Sporcle.
Go Orange.
Score 0/121 Timer 10:00
0 Plays Today
Author % Correct
Mark Twain
78.9%
John Adams
77%
Henry Adams
76.7%
Thomas Jefferson
73.2%
George Washington
72.7%
F. Scott Fitzgerald
72.6%
Abraham Lincoln
71.6%
Nathaniel Hawthorne
71.4%
Gertrude Stein
70.1%
William Faulkner
68.8%
John Steinbeck
68.3%
Philip K. Dick
68.2%
Tennessee Williams
67.6%
William Carlos Williams
67.3%
Edgar Allan Poe
67.1%
Henry David Thoreau
65.5%
Herman Melville
65.3%
James Madison
65.2%
Capt. John Smith
64.2%
Benjamin Franklin
63.6%
Henry James
63.5%
William James
63.3%
Walt Whitman
63.3%
Ralph Waldo Emerson
62.6%
Shirley Jackson
61.5%
Theodore Roosevelt
59.8%
James Weldon Johnson
59.3%
Ulysses S. Grant
58.1%
Louisa May Alcott
57.6%
Arthur Miller
55.5%
James Fenimore Cooper
54.9%
Washington Irving
51.3%
Richard Wright
51.1%
Stephen Crane
51%
Hart Crane
50.3%
Charles Brockden Brown
50%
Alexander Hamilton
48.3%
Philip Roth
48.3%
Henry Wadsworth Longfellow
48%
Thomas Paine
48%
Edmund Wilson
48%
Author % Correct
Robert Frost
47.9%
Willa Cather
47.8%
James Baldwin
47.7%
Eugene O'Neill
47.7%
Flannery O'Connor
46.8%
John Updike
45.6%
Jack Kerouac
45.5%
Sinclair Lewis
44.8%
Harriet Beecher Stowe
44.8%
Saul Bellow
44.6%
Ezra Pound
44.6%
Raymond Chandler
44.5%
Theodore Dreiser
44%
Frederick Douglass
43.5%
Dashiell Hammett
42.8%
Edith Wharton
42.8%
Zora Neale Hurston
41.8%
Wallace Stevens
40.6%
James Agee
39.8%
Cole Porter
38.1%
Katherine Anne Porter
38.1%
John Ashbery
37.6%
Vladimir Nabokov
36.4%
John Cheever
36.2%
Kate Chopin
36.2%
Amy Lowell
36%
William T. Sherman
36%
William Dean Howells
35.8%
John Dos Passos
35.5%
John Greenleaf Whittier
35.5%
Thornton Wilder
34.9%
Raymond Carver
34.3%
W.E.B. Du Bois
34%
John James Audubon
33.4%
Jack London
32.9%
John Marshall
32.2%
Elizabeth Bishop
31.9%
Alexis de Tocqueville
31.8%
A.R. Ammons
30.9%
Gwendolyn Brooks
30.8%
H. P. Lovecraft
30.7%
Author % Correct
Kurt Vonnegut
30%
Isaac Bashevis Singer
29.9%
Nathanael West
29.9%
Carl Sandburg
29.6%
Carson McCullers
29.4%
Anne Stevenson
29.1%
Eudora Welty
29%
John Berryman
28.7%
Sarah Orne Jewett
28.7%
Louis Zukofsky
28%
Ira Gershwin
26.8%
Charles W. Chesnutt
26.5%
Yvor Winters
26.1%
John Muir
26%
Frank Norris
25.6%
Lafcadio Hearn
25.4%
Stephen Foster
24.7%
William Bartram
24.5%
Dawn Powell
24.4%
James T. Farrell
24.3%
Theodore Roethke
24.1%
Edna St. Vincent Millay
23.7%
Kenneth Koch
23.6%
H. L. Mencken
23.3%
Paul Bowles
22.9%
John Kenneth Galbraith
22.9%
Manny Farber
22.8%
Francis Parkman
22.6%
A. J. Liebling
21.9%
Muriel Rukeyser
21.5%
Samuel Menashe
21.5%
Karl Shapiro
20.6%
Lynd Ward
20.5%
William Maxwell
19.9%
Kenneth Fearing
19.2%
James Thurber
19.2%
Richard Henry Dana Jr.
17.9%
Emma Lazarus
17.9%
George S Kaufman
15.1%

You're not logged in!

Compare scores with friends on all Sporcle quizzes.
OR
Log In

From the Vault

Badly Drawn Superhero Logos

by NarwhalNukeYT

There's nothing "super" about our artistic skills.
Remove Ads.
Support Sporcle.
Get the best of Sporcle when you Go Orange. This ad-free experience offers more features, more stats, and more fun while also helping to support Sporcle. Thank you for becoming a member.

Show Comments

Extras

Top Quizzes Today


Score Distribution

Your Account Isn't Verified!

In order to create a playlist on Sporcle, you need to verify the email address you used during registration. Go to your Sporcle Settings to finish the process.

Report this User

Report this user for behavior that violates our Community Guidelines.

Details: